| 000 | 00680nam a22002177a 4500 | ||
|---|---|---|---|
| 999 |
_c17528 _d17528 |
||
| 003 | AR-CdUCM | ||
| 008 | 190508b ||||| |||| 00| 0 spa d | ||
| 040 |
_aMUNICIPALIDAD PROVINCIAL DEL CUSCO _cBIBLIOTECA MUNICIPAL DEL CUSCO |
||
| 082 |
_a802.82 / _bR81 |
||
| 100 |
_aRomains, Jules _937577 |
||
| 245 | _aTeatro / | ||
| 260 |
_aBuenos aires : _bLosada, _c1957. |
||
| 300 |
_a349 páginas ; _c23 cm. |
||
| 505 | _aContenido : Knock o el triunfo de la medicina -- Casamiento del señor Trouhadec -- Donogoo. | ||
| 650 |
_aLiteratura _983 |
||
| 650 |
_aTeatro _9173 |
||
| 650 |
_aEscenas _936153 |
||
| 700 |
_aMassanes, Natividad _92897 |
||
| 942 |
_2ddc _cLIBROS |
||
| 945 | _arcc | ||